• 首页
  • 本馆介绍
  • 公告通知
  • 最新文献
  • 馆藏检索
  • 电子资源
  • 读者导购
  • 参考咨询
  • 我的图书馆
  • 登录
  • 详细信息显示
  • 放入我的书架
  • 预约/预借图书
  • 作者相关作品
  • 分类相关作品
  • 丛书相关作品
  • 出版社相关作品

书目信息

  • 表格格式
  • 工作单格式
  • 卡片格式
题名:
古罗马改革家格拉古兄弟
    
 
作者: 张殿吉 著
分册:  
出版信息: 北京   商务印书馆  1982
页数: 36页
开本: 19cm
丛书名:
单 册:
中图分类: K126
科图分类:
主题词: 古代史-古罗马
电子资源:
ISBN:
000 00724nam0 2200265 45
001 0182007561
005 20060728084305.40
010    @dCNY0.14
091    @aCN@b11017.577
100    @a19950530d1982 emky0chiy0121 ea
101 0  @achi
102    @aCN@b110000
105    @ay z 000yc
200 10 @a古罗马改革家格拉古兄弟@Agu luo ma gai ge jia ge la gu xiong di@f张殿吉著
210    @a北京@c商务印书馆@d1982
215    @a36页@d19cm
600  1 @a格拉古@bG.S.@x生平事迹
600  1 @a格拉古@bT.S.@x生平事迹
606    @a古代史-古罗马
607    @a古罗马-古代史
690    @aK126@v3
701  0 @a张殿吉@Azhang dian ji@4著
801  0 @aCN@bTSSF@c20060728
801  2 @aCN@bNLC@c20060725
905    @a10447@dK126@e128
    
    古罗马改革家格拉古兄弟/张殿吉著.-北京:商务印书馆,1982
    36页;19cm
    
    
    ISBN :CNY0.14
    
●
相关链接 在E读中查询图书 在五车中查询图书 在当当中查询图书 在豆瓣中查询图书


正题名:古罗马改革家格拉古兄弟     索取号:K126/128         预约/预借

序号 登录号 条形码 馆藏地/架位号 状态 备注
1 0436173   204361733   密集书库/ [索取号:K126/128] 在馆    
2 0436174   204361742   密集书库/ [索取号:K126/128] 在馆    
3 0436175   204361751   密集书库/ [索取号:K126/128] 在馆    
4 0436176   204361760   密集书库/ [索取号:K126/128] 在馆    
5 0436917   204369174   密集书库/ [索取号:K126/128] 在馆    
唐山师范学院图书馆 欢迎您!
大连网信软件有限公司© 版权所有